000 00757nam a22001817a 4500
999 _c61190
_d61190
005 20231229120407.0
008 231229s1997 ru ||||| |||| 00| 0 rus d
020 _a5860301073
041 _arus
080 _a737(031) K-78
245 _aКраткий справочник нумизмата :
_bMонеты 190 зарубежных стран /
_cСоставитель: Зонов В.
264 _aМосква:
_bАвиамир,
_c1997.
300 _a264 с.:
_bил.;
_c21 см.
653 _aნუმიზმატის სწრაფი გზამკვლევი
653 _aუცხო ქვეყნის მონეტები
700 _aЗонов, В.
_eშემდგენელი
_920929
942 _2udc
_cᲬᲘᲒᲜᲘ